000 00498nam a2200157 4500
008 030310s 198 us eng
020 _a0891090649
090 _aBS1585.2
_bN22
245 1 0 _aA NavPress Bible study on the book of Amos /
_c.
250 _aLifechange series
260 _aColorado :
_bNavPress,
_cc 1986.
300 _a131 p. :
_bmap
650 4 _aBible. O.T. Amos
_xStudy and teaching.
951 _p11163
_x00002225
_oBS1585.2/N22
_j070613111222437
_d2000-12-21
_cGC
999 _c14914
_d14914